000 00365nam a2200145Ia 4500
008 230312s9999||||xx |||||||||||||| ||und||
020 _a81-7758-746-3
082 _a004.66
_bPER-A
100 _aPerros;Harry,G
245 3 _aAn introduction to ATM networks
260 _bMcgraw hill
_aIndia
_c2010
300 _a238
650 _aEngineering
_vAvionics
942 _cBK
999 _c12452
_d12452